Industriepolitik <Eine> Antwort auf die japanische Herausforderung?

Gespeichert in:
Bibliographische Detailangaben
Weitere Verfasser: Steger, Ulrich
Format: Buch
Sprache:Deutsch
Veröffentlicht: Frankfurt am Main Campus 1993
Ausgabe:1. Aufl.
Schriftenreihe:Schriftenreihe/Haniel Stiftung Bd.5
Schlagworte:
Tags: Tag hinzufügen
Keine Tags, Fügen Sie das erste Tag hinzu!

MARC

LEADER 00000nam a2200000 4500
001 c011409
005 20221206075531.9
020 |a 3-593-34855-1 
041 0 |a ger 
044 |a DE 
245 1 0 |a Industriepolitik  |b <Eine> Antwort auf die japanische Herausforderung?  |c Edit. Ulrich Steger 
250 |a 1. Aufl. 
264 1 |a Frankfurt am Main  |b Campus  |c 1993 
300 |a 131 s. 
490 1 |a Schriftenreihe/Haniel Stiftung  |v Bd.5 
830 0 |a Schriftenreihe/Haniel Stiftung  |v Bd.5 
610 2 0 |a politika priemyselná 
610 2 0 |a Japonsko 
610 2 0 |a výroba priemyselná 
610 2 0 |a technológia 
610 2 0 |a organizácia práce 
610 2 0 |a revolúcia priemyselná 
610 2 0 |a stratégia podniková 
610 2 0 |a Nemecko 
700 1 |a Steger, Ulrich